00988nam a2200217 a 450000100100000000500170001000800410002702000150006804000250008324500720010826001270018030000210030749000370032850400730036570000390043871000600047771000670053783000440060495201050064899900170075300004140920201002034850.0131002s2000 sp 000 0 spa d a8400079787 aDO-SdBNPbspacBNPHU00aEspaña y la República Romana 1849 /ced. Manuel Espadas Burgos. aRoma :bEscuela Española de Historia y Arqueología en Roma,bConsejo Superior de Investigaciones Científicas,c2000. a143 p. ;c24 cm.1 aTexto en italiano y españolv1 aIncluye referencias bibliográficas y notas al pie de las páginas1 aEspadas Burgos, Manueleed.9151302 aConsejo Superior de Investigaciones Científicas947862 bEscuela Española de Historia y Arqueología en Roma,965401 0aTexto en italiano y españolv1968066 001050718MOaGRbGRcCTd2013-10-02iLF1l0o p41409-10r2020-06-25w2020-06-25y1ZNo se presta c40899d40899